000 00390nam a2200157Ia 4500
003 Ost
005 20260225132537.0
008 260225s9999||||xx |||||||||||||| ||und||
040 _cfsic
041 _afre
082 _a371.397
100 _aGinette kirchemeyer
_eAuteur
245 0 _aJeux de roles pour apprendre à mieux communiqer /
245 0 _cGinette kirchemeyer
942 _cكتاب
999 _c33303
_d33303